The International opinion poll on "The plan for information society"

Đã lưu trong:
書目詳細資料
格式: 圖書
語言:Undetermined
出版: Tokyo Japan computer usage development institute 1973
主題:
標簽: 添加標簽
沒有標簽, 成為第一個標記此記錄!
Thư viện lưu trữ: Trung tâm Học liệu Trường Đại học Cần Thơ
LEADER 00537nam a2200169Ia 4500
001 CTU_77374
008 210402s9999 xx 000 0 und d
082 |a 384 
082 |b I.61 
245 4 |a The International opinion poll on "The plan for information society" 
245 0 |c Japan computer usage development institute 
260 |a Tokyo 
260 |b Japan computer usage development institute 
260 |c 1973 
650 |a Information society 
904 |i Trọng Hải 
980 |a Trung tâm Học liệu Trường Đại học Cần Thơ